000 00722nam a2200229 a 4500
001 000019259
005 20200929165951.0
008 100529s1982 mx 000 f spa d
020 _a9682312043
040 _aDO-SdBNP
_bspa
_cBNPHU
082 _a843.6
_bA927c
100 1 _aAurevilly, Barbey D´,
_d1808-1889
_941434
245 1 3 _aEl caballero destouches /
_cBarbey D´Aurevilly ; traducción de Michel Larèze.
260 _aMéxico :
_bCONAFE ;
_bSiglo xxi,
_c1982.
300 _a163 p. ;
_c18 cm.
490 1 _aDe la gran literatura
650 4 _aNovela francesa
_91075
650 4 _aLiteratura francesa
_91074
700 1 _aLarèze, Michel,
_etr.
_941435
830 3 _aDe la gran literatura
_929430
049 _aBNGR
999 _c18777
_d18777